Las cinco llagas de la santa Iglesia / (Record no. 132885)

MARC details
000 -LEADER
campo de control de longitud fija 00860nam a2200253 i 4500
001 - NÚMERO DE CONTROL
campo de control 132885
003 - IDENTIFICADOR DE NÚMERO DE CONTROL
campo de control ES-MaACL
005 - FECHA Y HORA DE LA ÚLTIMA TRANSACCIÓN
campo de control 20251011063137.0
007 - CAMPO FIJO DE DESCRIPCIÓN FÍSICA--INFORMACIÓN GENERAL
campo de control de longitud fija t|
008 - DATOS DE LONGITUD FIJA--INFORMACIÓN GENERAL
campo de control de longitud fija 070214s1968 sp r ||||1| spa d
100 1# - ENTRADA PRINCIPAL--NOMBRE DE PERSONA
Nombre de persona Rosmini, Antonio,
Fechas asociadas al nombre 1797-1855
9 (RLIN) 99791
245 14 - MENCIÓN DEL TÍTULO
Título Las cinco llagas de la santa Iglesia /
Mención de responsabilidad, etc. Antonio Rosmini ; edición por Clemente Riva ; traducción y prólogo de Ildefonso Lobo.
250 ## - MENCION DE EDICION
Mención de edición 1ª. ed.
260 ## - PUBLICACIÓN, DISTRIBUCIÓN, ETC.
Lugar de publicación, distribución, etc. Barcelona :
Nombre del editor, distribuidor, etc. Península,
Fecha de publicación, distribución, etc. 1968.
300 ## - DESCRIPCIÓN FÍSICA
Extensión 321 p. ;
Dimensiones 19 cm.
490 1# - MENCIÓN DE SERIE
Mención de serie Colección Pensamiento Cristiano ;
Designación de volumen o secuencia 17
610 24 - PUNTO DE ACCESO ADICIONAL DE MATERIA--NOMBRE DE ENTIDAD CORPORATIVA
Nombre de entidad corporativa o nombre de jurisdicción como elemento de entrada Iglesia Católica
9 (RLIN) 4639
700 1# - ENTRADA AGREGADA--NOMBRE PERSONAL
Nombre de persona Riva, Clemente.
9 (RLIN) 97525
700 1# - ENTRADA AGREGADA--NOMBRE PERSONAL
Nombre de persona Lobo, Ildefonso.
9 (RLIN) 73016
830 0# - PUNTO DE ACCESO ADICIONAL DE SERIE-TÍTULO UNIFORME
Título uniforme Colección pensamiento cristiano
Designación de volumen o secuencia 17
9 (RLIN) 179624
852 ## - LOCALIZACIÓN
Ubicación ES-MaACL
Número de control de estantería C-50372
Sublocalización o colección R.59537
852 ## - LOCALIZACIÓN
Ubicación ES-MaACL
Número de control de estantería P-618-Ter-14
Holdings
Estatus retirado Estado de pérdida Estado de daño No para préstamo Biblioteca de origen Biblioteca actual Ubicación en estantería Fecha de adquisición Fuente de adquisición Total de préstamos Signatura topográfica completa Código de barras Visto por última vez Precio de reemplazo Tipo de ítem Koha
        Biblioteca del Ateneo de Madrid Biblioteca del Ateneo de Madrid Depósito 2 03/07/2019     P-618-Ter-14 1200976 23/02/2023 23/02/2023 Libro impreso
        Biblioteca del Ateneo de Madrid Biblioteca del Ateneo de Madrid Depósito 2 17/01/2008     C-50372 1138340 23/02/2023 23/02/2023 Libro impreso